Ruky odrážajú vašu osobnosť chirológia na každý deň

Bibliographic Details
Main Author: Amécourt, Catherine d' (Author)
Other Authors: Malák, Branislav (Translator)
Format: Book
Language:Slovak
French
PhysicalDescription:196 s. ilustr. 19 cm
Published: Bratislava Ikar 2014
ISBN:9788055135427
Edition:2. upr. vyd.
Subjects:

MARC

LEADER 00000cam a2200000 a 4500
001 vtls010593304
003 SK-MaSNL
005 20260301090536.0
008 240318s2014 xo a grf 000 0 slo
015 |a SNBA2014/05 
020 |a 9788055135427  |q (brož.) 
040 |a SNK  |b slo  |c SNK  |e AACR2 
041 1 |a slo  |h fre 
044 |a xo  |c SK 
072 7 |a 133  |x Ezoterizmus. Okultizmus  |2 konspekt 
080 |a 133.6  |2 2001 
080 |a (035)  |2 2001 
100 1 |a Amécourt, Catherine d'  |4 aut  |9 42596 
240 1 0 |a Vos mains reflet de votre personnalité  |l Slovensky 
245 1 0 |a Ruky odrážajú vašu osobnosť  |b chirológia na každý deň  |c Catherine d' Amécourt ; [z francúzskeho originálu preložil Branislav Malák] 
250 |a 2. upr. vyd. 
260 |a Bratislava  |b Ikar  |c 2014 
300 |a 196 s.  |b ilustr.  |c 19 cm 
650 0 7 |a chiromantia  |2 SNKPH  |9 2086 
650 0 7 |a Chiromancy  |2 SNKPHeng  |9 418498 
655 7 |a príručky  |2 SNKPH  |9 74364 
655 7 |a Handbooks, manuals, etc.  |2 SNKPHeng  |9 90964 
700 1 |a Malák, Branislav  |4 trl  |9 45500 
852 |a Štátna vedecká knižnica v Banskej Bystrici 
919 |a 978-80-551-3542-7 
958 |a OP 
968 |b FR 
999 |c 668482  |d 670412 
952 |a SNK  |b SNK  |y PREZ  |7 0  |p 17A1109349  |o snkSD 83177  |i snk2014/10474  |8 0  |0 0  |1 0  |4 0  |d 2014-04-30  |l 0  |r 2025-12-04 00:00:00  |w 2026-02-23 
952 |a SNK  |b SNK  |y VYP  |7 0  |p 17A1111298  |o snkSD 83177 D1  |i snk2014/16252  |8 0  |0 0  |1 0  |4 0  |d 2014-07-29  |l 0  |r 2017-06-30 00:00:00  |w 2026-02-23